Highest Scoring Premier League Duos - Statistics

General Stats
  • This quiz has been taken 293 times
  • The average score is 13 of 18
Answer Stats
Answer % Correct
Mohamed Salah
100%
Sadio Mane
99%
Harry Kane
98%
Son Heung-min
98%
Thierry Henry
97%
Didier Drogba
96%
Sergio Aguero
95%
Roberto Firmino
91%
Frank Lampard
89%
David Silva
88%
Alan Shearer
79%
Freddie Ljungberg
67%
Robert Pires
65%
Robbie Fowler
48%
Teddy Sheringham
31%
Nolberto Solano
21%
Steve McManaman
15%
Darren Anderton
5%
No matching quizzes found
Score Distribution
Percent of People with Each Score
Percentile by Number Answered
Your Score History
You have not taken this quiz